Estatutos de la Junta de Museos del Excelentísimo Ayuntamiento de Barcelona : Aprobados por el Excmo. Ayuntamiento Pleno en sesión del día 15 de marzo de 1946 Aprobados por el Excmo. Ayuntamiento Pleno en sesión del día 15 de marzo de 1946

Publicado: [Barcelona : s.n., s.a.: 1946?]
Descripción Física: 9 p. ; 17 cm

MARC

LEADER 00000nam a2200000Ia 4500
001 10986
008 160829s9999 xx 000 0 cat d
080 |a FU-3-1 
110 2 |a Junta de Museus de Barcelona  |9 54561 
245 |a Estatutos de la Junta de Museos del Excelentísimo Ayuntamiento de Barcelona :  |b  Aprobados por el Excmo. Ayuntamiento Pleno en sesión del día 15 de marzo de 1946 
260 |a [Barcelona :  |b s.n., s.a.:  |b 1946?] 
300 |a 9 p. ;  |c 17 cm 
650 |a Junta de Museus de Barcelona  |x Estatuts  |9 24840 
710 1 |a Barcelona (Catalunya).  |b Ajuntament  |9 50981 
901 |a Arxiu 
942 |n 1 
952 |0 0  |1 0  |4 0  |6 FU31  |7 1  |9 43336  |a Arxiu  |b Arxiu  |d 2016-12-01  |l 0  |o FU-3-1  |p 10986  |r 2016-12-01 00:00:00  |w 2016-12-01  |y ARXIU 
999 |c 45881  |d 45881